Siyasal değişimde kadın boyutu (Record no. 5508)

MARC details
000 -BAŞLIK
Sabit Uzunlukta Kontrol Alanı 00598na a2200217 4500
001 - KONTROL NUMARASI
Denetim Alanı 18547
003 - KONTROL NUMARASI IDENTIFIER
Denetim Alanı MIRAKIL
005 - SON İŞLEM TARİHİ VE ZAMANI
Denetim Alanı 20181213155038.0
008 - SABİT-BOY VERİ ELEMANLARI - GENEL BİLGİLER
Sabit Uzunlukta Kontrol Alanı 161121b tu 000 0
040 ## - KATALOGLAMA KAYNAK
Orijinal Kataloglama Ajansı Milas
Kataloglama Dili tur
Metne Dönüştürmek Ajansı TR-AnCHP
041 ## - DİL KODU
Metin / Ses Parça Veya Ayrı Başlığın Dil Kodu tur
082 ## - DEWEY ONLU SINIFLANDIRMA NUMARASI
Sınıflandırma Numarası 323.34
Ürün Numarası S29s 1998
090 ## - SINIFLAMA NUMARASI
Sınıflama Numarası 323.34 S29s 1998
100 ## - ANA GİRİŞ - KİŞİSEL İSİM
Kişisel Ad Say, Gürgün
245 ## - BAŞLIK TABLOSU
Başlık Siyasal değişimde kadın boyutu
Sorumluluk Tablosu, Vb Gürgün Say
260 ## - YAYIN, DAĞITIM, VB
Yayın, Dağıtım, Vb Yeri [y.y.]
Yayıncı, Dağıtıcı, Vs Adı [yayl.y.]
Yayın, Dağıtım, Vb Tarihi 1998
Üretici Firma Kurtiş Matbaacılık
300 ## - FİZİKSEL TANIM
Kapsam 207 s.
Boyutlar 21 sm.
650 ## - KONU KATMA GİRİŞ - TOPİKAL DÖNEM
Topikal Süreli Veya Coğrafi Ad Giriş Elemanı Siyasal haklar
Genel Alt Bölümü Kadınlar
650 ## - KONU KATMA GİRİŞ - TOPİKAL DÖNEM
Topikal Süreli Veya Coğrafi Ad Giriş Elemanı Siyasal değişim
Genel Alt Bölümü Kadınlar
942 ## - EKLENDİ GİRİŞ ELEMANLARI (KOHA)
Sınıflandırma Veya Raf Düzeni Kaynak Dewey Decimal Classification
Koha Öğesi Türü Books
999 ## - SİSTEM KONTROL NUMARALARI (KOHA)
Koha Biblionumber 5508
Koha Biblioitemnumber 5508
Holdings
Kalıcı Konum Mevcut Konum Edinme Tarihi Edinim Kaynak Toplam Check-Out'Lar Tam Çağrı Numarası Barkod Tarih Son Görülme İtibaren Geçerli Fiyatlar Koha Öğesi Türü
CHP Kütüphanesi CHP Kütüphanesi 11/21/2016 Bağış   323.34 S29s 1998 008819 11/21/2016 11/21/2016 Books